000 00700nam a22002177a 4500
005 20170124105957.0
010 _aB-019801
020 _c00.00
_a818538428XII
035 _aB-019801
037 _bCen Lib/Ret
040 _aDPL
_bEN
082 _a355.600954
_bCHA
100 _aChakraborty, A. K.
_985580
245 _aDismissal of the naval chief :
_cby A. K. Chakraborty
_barms deals expose /
260 _aNoida
_bTrishul Publications
_c1999
300 _a240p. :
_c21cm(Hb)
_bcol.ill.
500 _aIncludes index.
650 _aBhagwat, Vishnu, -- 1939-
_985581
650 _aIndia. -- Indian Navy -- History -- 20th century.
_914802
942 _2ddc
_cEN
_h355.600954
_mCHA
999 _c125569
_d125569